Економічна теорія: Політекономія (Запис № 321854)

МАРК-запис
000 -Лідер
fixed length control field 00657nam a22002297a 4500
003 - Ідентифікатор контрольного номера
control field UA-OsUOA
001 - Контрольний номер
control field 35492
007 - Фіксоване поле фізичного опису
fixed length control field ta
008 - Елементи даних фіксованої довжини – загальна інформація
fixed length control field 20051202b un ||||| |||| 00| 0 ukr d
090 ## - Локальний шифр розміщення
Класифікаційний індекс УДК 330(075.8)
Авторський знак (НП) Е45
040 ## - Джерело каталогізації
Агенція оригінальної каталогізації UA-OsUOA
Мова каталогізації ukr
Агенція, яка здійснювала перезапис UA-OsUOA
Агенція, яка здійснювала модифікацію UA-OsUOA
041 ## - Код мови
Код мови тексту/ звукової доріжки чи окремого заголовка (П) ukr
080 ## - Індекс Універсальної десяткової класифікації
Індекс Універсальної десяткової класифікації (УДК) (НП) 330(075.8)
020 ## - Міжнародний стандартний книжковий номер (ISBN)
Міжнародний стандартний книжковий номер (ISBN) (НП) 966-311-026-0
245 ## - Відомості про назву
Назва (НП) Економічна теорія: Політекономія
Решта назви (НП) підручник
Дані про відповідальність (НП) за ред. В. Д. Базилевича
260 ## - Публікація, розповсюдження і т.п. (Вихідні дані)
Місце публікації, розповсюдження і т.п. (П) К.
Ім’я/ наймення видавництва, розповсюджувача і т.п. (П) Знання-Прес
Дата публікації, розповсюдження і т.п. (П) 2006
300 ## - Фізичний опис
Обсяг 615 с.
650 #7 - Додаткове предметне введення – тематичний термін
Тематичний термін чи географічна назва, як елемент введення (НП) 330 Економіка взагалі
Джерело заголовка чи терміна UDC
942 ## - Додаткові елементи входу (Коха)
Тип елемента Koha Книги
955 ## - Код типу видання за змістом
Код типу видання за змістом (НП) Навчальні видання
Фонди
Стан вилучень Стан втрат Джерело класифікації або схеми стелажів Стан уражень Не для кредиту Постійне місце розташування Поточне розміщення Дата придбання Джерело придбання Вартість, звичайна ціна покупки Інвентарний номер Усього замовленно Повний номер виклику Штрих-код Дата останнього перегляду Ціна ефективна від Тип елемента Koha Дата останньої перевірки
Withdrawn   Universal Decimal Classification     АБ - Абонемент НБ АБ - Абонемент НБ 02/12/2005 141/2005 55.50 89112   330(075.8) Е45 89112 13/07/2019 02/12/2005 Книги  
    Universal Decimal Classification     АБ - Абонемент НБ АБ - Абонемент НБ 02/12/2005 141/2005 55.50 89113 1 330(075.8) Е45 89113 02/12/2021 02/12/2005 Книги 02/09/2019
    Universal Decimal Classification     АБ - Абонемент НБ АБ - Абонемент НБ 02/12/2005 141/2005 55.50 89114 1 330(075.8) Е45 89114 02/12/2021 02/12/2005 Книги 03/09/2019
Withdrawn   Universal Decimal Classification     АБ - Абонемент НБ АБ - Абонемент НБ 02/12/2005 141/2005 55.50 89115   330(075.8) Е45 89115 13/07/2019 02/12/2005 Книги  
    Universal Decimal Classification     АБ - Абонемент НБ АБ - Абонемент НБ 02/12/2005 141/2005 55.50 89116 1 330(075.8) Е45 89116 02/12/2021 02/12/2005 Книги 02/09/2019
    Universal Decimal Classification     АБ - Абонемент НБ АБ - Абонемент НБ 02/12/2005 141/2005 55.50 89117   330(075.8) Е45 89117 03/12/2021 02/12/2005 Книги  
Withdrawn   Universal Decimal Classification   Not For Loan АБ - Абонемент НБ АБ - Абонемент НБ 02/12/2005 141/2005 55.50 89118 1 330(075.8) Е45 89118 18/12/2023 02/12/2005 Книги 18/07/2019
    Universal Decimal Classification     АБ - Абонемент НБ АБ - Абонемент НБ 02/12/2005 141/2005 55.50 89119 1 330(075.8) Е45 89119 21/06/2023 02/12/2005 Книги 02/09/2019
Withdrawn   Universal Decimal Classification     АБ - Абонемент НБ АБ - Абонемент НБ 02/12/2005 141/2005 55.50 89120   330(075.8) Е45 89120 13/07/2019 02/12/2005 Книги  
    Universal Decimal Classification     АБ - Абонемент НБ АБ - Абонемент НБ 02/12/2005 141/2005 55.50 89121 1 330(075.8) Е45 89121 02/12/2021 02/12/2005 Книги 02/09/2019